000 00761nam0a22002531 4500
001 rc\2774914
005 20250806204655.0
035 _a(NLR Aleph) 006901217
090 _a30246
_c30246
100 _a20110915d1941 u y0rusy50 ca
101 0 _arus
102 _aRU
105 _ay z |||||
200 1 _aГерманская молодежь в цепях фашизма
_fМихаль Вольф
210 _aФрунзе
_cКиргизгосиздат
_d1941
215 _a20 с.
_d16 см.
700 1 _aВольф
_bМ.
_gМихаль
801 0 _aRU
_bNLR
_gpsbo
801 1 _aRU
_bELAR
_2rusmarc
852 _aNLR
_jИ54 Г-2/3
942 _cBOOK
945 _aРоссийская национальная библиотека
980 _aNB
980 _aBV